000 00722nam a2200253 a 4500
001 76683
003 BD-RjUL
005 20211209082855.0
008 200102s1967 enka 000 0 eng d
035 _aOCLC ocm00517325 from D951020M
035 _a(BD-RjUL)76907
040 _aWSU
_cWSU
_dOCL
_dUKM
_dEQO
_dBD-RjUL
_beng
041 _aeng
082 _223
_a738.5
_bHEM 1967
100 1 _aHetherington, P. B.
_9237328
245 1 0 _aMosaics /
_cP.B. Hetherington.
260 _aLondon :
_bHamlyn,
_c1967.
300 _a39 p., 51 p. of plates :
_b51 ill. ;
_c28 cm.
490 1 _aColour library of art
650 0 _aMosaics.
_9237329
830 0 _aColour library of art
_9237331
942 _2ddc
_cBK
999 _c76683
_d76683